Vista normal
Vista MARC
Entrada Personal Name
Número de registros utilizados en: 2
001 - CONTROL NUMBER
- control field: 8700
003 - CONTROL NUMBER IDENTIFIER
- control field: OSt
005 - DATE AND TIME OF LATEST TRANSACTION
- control field: 20200813101032.0
008 - FIXED-LENGTH DATA ELEMENTS
- fixed length control field: 200813|| aca||aabn | a|a d
040 ## - CATALOGING SOURCE
- Original cataloging agency: OSt
- Transcribing agency: OSt
100 ## - HEADING--PERSONAL NAME
- Personal name: Diaz, Alejandra
670 ## - SOURCE DATA FOUND
- Source citation: Work cat.: (OSt)5998: Federación de Aseguradores Colombianos 8594, La Industria Aseguradora en Colombia /, 2011.